00293nam a2200121Ia 4500008004100000041000800041082001600049100001500065245002600080260004200106300001600148365000700164240624s9999 xx 000 0 und d aeng a342.954 BAK aBAKSHI P M aCONSTITUTION OF INDIA c2004aDelhibUniversal Law Publishing axciv, : 438 cRS